| 000 | 00520nam a2200193 a 4500 | ||
|---|---|---|---|
| 005 | 20140310183206.0 | ||
| 008 | 030122s19uu xx 00 eng d | ||
| 050 |
_aRA 776 _b.Ed24 2002 |
||
| 100 | _aEdlin, Gordon | ||
| 245 |
_aHealth & wellness / _cGordon Edlin. |
||
| 250 | _a7th | ||
| 260 |
_aSudbury, Massachusetts : _bJones & Bartlett Pub, _c2002. |
||
| 300 |
_a609 p. : _bcol. , ill. ; _c28 cm. |
||
| 521 | _aNUR | ||
| 650 | _aHealth | ||
| 650 | _aHolistic medicine | ||
| 942 |
_cBK _2lcc _kFOR |
||
| 999 |
_c20002 _d20002 |
||